| 000 | 00792nab a2200205 a 4500 | ||
|---|---|---|---|
| 005 | 20210219162020.0 | ||
| 008 | 991125s1985 mx 000 0 spa u | ||
| 035 | _aUPN01000196334 | ||
| 100 | 1 | _aMartínez Escamilla, Victor Hugo | |
| 222 |
_aARGUMENTOS : _bESTUDIOS CRITICOS DE LA SOCIEDAD |
||
| 245 | _aEl complejo relaciones personales-redes sociales-contexto de interacción. Notas sobre un enfoque sociológico cuantitativo | ||
| 260 | _aMéxico | ||
| 300 | _a137-168 | ||
| 362 | 0 | _a2001 No. 39, ago. | |
| 653 | 0 | _aRELACIONES SOCIALES | |
| 653 | 0 | _aINVESTIGACION SOCIOLOGICA | |
| 653 | 0 | _aINTERACCION | |
| 856 | _ahttp://argumentos.xoc.uam.mx/BUSQUEDA.php?indice=AUTOR&terminos=Mart%C3%ADnez%20Escamilla,%20V%C3%ADctor%20Hugo&pagina=1&indice_resultados=0 | ||
| 905 | _aArticulo | ||
| 999 |
_c168435 _d168435 |
||